<?xml version="1.0" encoding="UTF-8"?>
<record
    xmlns:xsi="http://www.w3.org/2001/XMLSchema-instance"
    xsi:schemaLocation="http://www.loc.gov/MARC21/slim http://www.loc.gov/standards/marcxml/schema/MARC21slim.xsd"
    xmlns="http://www.loc.gov/MARC21/slim">

  <leader>00413    a2200121   4500</leader>
  <controlfield tag="001">ART_7638</controlfield>
  <controlfield tag="005">20260410161637.0</controlfield>
  <controlfield tag="008">260409a                                 </controlfield>
  <datafield tag="245" ind1="1" ind2="0">
    <subfield code="a">La importancia del Club Atl&#xE9;tico Boca Juniors en el impuesto al valor agregado (reflotando la L. 16774)</subfield>
  </datafield>
  <datafield tag="100" ind1="1" ind2=" ">
    <subfield code="a">Lorenzo, Armando</subfield>
  </datafield>
  <datafield tag="700" ind1="1" ind2=" ">
    <subfield code="a">Cavalli, C&#xE9;sar M.</subfield>
  </datafield>
  <datafield tag="773" ind1="0" ind2=" ">
    <subfield code="t">Consultor tributario</subfield>
    <subfield code="g">- N&#xBA; 6 (ago. 2007)</subfield>
    <subfield code="w">REV474</subfield>
  </datafield>
  <datafield tag="999" ind1=" " ind2=" ">
    <subfield code="c">13003</subfield>
    <subfield code="d">13003</subfield>
  </datafield>
</record>
